| 000 | 00393nam a2200133Ia 4500 | ||
|---|---|---|---|
| 008 | 220217s9999 xx 000 0 und d | ||
| 245 | 0 | _aSpecification for benzothiazyl-2-cyclohexyl sulphenamide | |
| 260 | _aNew Delhi | ||
| 260 |
_c1973 _bISI |
||
| 490 | _aRubb chemicals&Compounding Ingredient subcomCDC6:5 | ||
| 500 | _aStandard number: IS 7069 | ||
| 650 | _aRubber chemicals | ||
| 942 | _cST | ||
| 999 |
_c73907 _d73907 |
||